Państwa śródlądowe z największym PKB - Statystyki

Ogólne statystyki
  • Ten quiz został rozwiązany 16 razy
  • Średni wynik to 10 z 12
Statystyki odpowiedzi
PKB USD Państwo % Poprawnych
1,15 biliona Szwajcaria
100%
271,12 mld Węgry
100%
623,27 mld Austria
93%
432,6 mld Czechy
93%
110,42 mld Luksemburg
93%
112,03 mld Serbia
93%
168,9 mld Słowacja
86%
102,04 mld Białoruś
79%
181,5 mld Uzbekistan
64%
121,53 mld Etiopia
57%
360 mld Kazachstan
57%
83,07 mld Turkmenistan
57%
Nie znaleziono quizów pasujących do podanych kryteriów
Rozkład punktacji
Procent ludzi z każdym wynikiem
Percentyl według liczby udzielonych odpowiedzi
Twoja historia wyników
Nie rozwiązałeś tego quizu